000 00256nam a2200097Ia 4500
008 220204s9999 xx 000 0 und d
100 _aVogel, A I
245 0 _aTextbook of quantitative inorganic analysis: Theory and practice
250 _aEd.2
942 _cBK
999 _c19436
_d19436